01903nam a2200157 a 450000100080000000500110000800800410001910000190006024501210007926001570020052013230035765000100168070000190169070000170170970000190172621689422024-11-07 1999 bl uuuu u00u1 u #d1 aGUISCEM, J. M. aCultivo tardio da cultura do milho (Zea mays,L.) e sua relação com graus dias e radiação.h[electronic resource] aIn: CONGRESSO BRASILEIRO DE AGROMETEOROLOGIA, 11.; REUNIÃO LATINO-AMERICANA DE AGROMETEOROLOGIA, 2., 1999, Florianópolis. Anais... Campinas: SBAc1999 aA realização deste trabalho objetivou avaliar a relação dos graus dias e radiação com a altura daplanta e com o aparecimento e comprimento das folhas em duas cultivares de milho (Zea mays L.), BR206 (ciclo normal) e XL212 (ciclo superprecoce). O experimento foi conduzido, em condições decampo com irrigação, na área experimental da EMBRAPA – Milho e Sorgo, em Sete Lagoas, MG. Odelineamento experimental utilizado foi de blocos casualizados com 3 repetições. A semeadura foi feitana primeira quinzena de fevereiro de 1994. Diariamente, foram registrados numa estação climatológicaportátil eletrônica (modeli LI-1200, da LI-Cor), as temperaturas máximas e mínimas do ar e a radiaçãoglobal. As medições da altura da planta, da quantidade de folhas visíveis com bainha (FCB) e sembainha (FSB), e do comprimento de folhas (CFB) foram feitas sempre nas mesmas plantas. O númerototal de folhas visíveis foi obtido por meio da soma de FCB + FSB. Utilizou-se 8 oC como temperaturabase para cálculo dos graus dias. Observou-se pelos resultados apresentados pode-se concluir que osgraus dias e a radiação influenciam no desenvolvimento vegetativo com a mesma magnitude, portanto,a utilização da regressão múltipla considerando os dois fatores pode refletir mais o desenvolvimentovegetativo . aMilho1 aSANS, L. M. A.1 aNAKAGAWA, J.1 aZANOTTO, M. D.